UBT Library

Adolescent psychiatry / (Record no. 40806)

000 -LEADER
fixed length control field 00961cam a22003017a 4500
001 - CONTROL NUMBER
control field 15377973
005 - DATE AND TIME OF LATEST TRANSACTION
control field 20180123093437.0
008 - FIXED-LENGTH DATA ELEMENTS--GENERAL INFORMATION
fixed length control field 080723s2008 nyu b 001 0 eng
010 ## - LIBRARY OF CONGRESS CONTROL NUMBER
LC control number 2008298089
015 ## - NATIONAL BIBLIOGRAPHY NUMBER
National bibliography number GBA769447
Source bnb
016 7# - NATIONAL BIBLIOGRAPHIC AGENCY CONTROL NUMBER
Record control number 013829674
Source Uk
020 ## - INTERNATIONAL STANDARD BOOK NUMBER
International Standard Book Number 088163462X (cloth : alk. paper)
020 ## - INTERNATIONAL STANDARD BOOK NUMBER
International Standard Book Number 9780881634624 (cloth : alk. paper)
035 ## - SYSTEM CONTROL NUMBER
System control number (OCoLC)ocn166627961
040 ## - CATALOGING SOURCE
Original cataloging agency UKM
Transcribing agency UKM
Modifying agency BTCTA
-- BAKER
-- YDXCP
-- DLC
041 ## - LANGUAGE CODE
Language code of text/sound track or separate title eng
042 ## - AUTHENTICATION CODE
Authentication code lccopycat
080 ## - UNIVERSAL DECIMAL CLASSIFICATION NUMBER
Universal Decimal Classification number 616.8900835 loi
082 00 - DEWEY DECIMAL CLASSIFICATION NUMBER
Classification number 616.8900835 loi
Edition number 22
100 ## - Rafti
Rafti 49
101 ## - Shkurtesa
Shkurtesa psi
245 00 - TITLE STATEMENT
Title Adolescent psychiatry /
Statement of responsibility, etc Lois Flaherty, editor.
504 ## - BIBLIOGRAPHY, ETC. NOTE
Bibliography, etc Includes bibliographical references and index.
906 ## - LOCAL DATA ELEMENT F, LDF (RLIN)
a 7
b cbc
c copycat
d 2
e ncip
f 20
g y-gencatlg
942 ## - ADDED ENTRY ELEMENTS (KOHA)
Source of classification or shelving scheme
Item type Books
Holdings
Withdrawn status Lost status Source of classification or shelving scheme Damaged status Not for loan Collection code Permanent location Current location Shelving location Date acquired Total Checkouts Full call number Barcode Date last seen Price effective from Koha item type
          Koleksioni i përgjithshem UBT - Lipjan UBT - Lipjan Koleksioni i përgjithshem 01/23/2018   616.8900835 loi 002-2996267 01/23/2018 01/23/2018 Books
UBT Library © 2015-2024. All rights reserved University Education for Business and Technology